| 000 | 01207cam a2200301 4500 | ||
|---|---|---|---|
| 001 | WB3912-13 | ||
| 008 | 030326n2003 000 0 eng u | ||
| 035 | _a(Sirsi) u121748 | ||
| 245 | _aInvestors still buying | ||
| 260 | _c2003 | ||
| 490 |
_aEstates Gazette _v(0312) 22 March 2003, 45(1) |
||
| 520 | _aProperty investors are still buying but believe the market will not improve before 2005. The latest Investment Property Forum/"Estates Gazette" "Investment intentions survey" showed that prime yields for all sectors except industrial have fallen since the last survey in November. Tables. Investment Property Forum http://www.ipf.org.uk | ||
| 590 | _aWB | ||
| 650 | _aYIELDS | ||
| 650 | _aRENTAL GROWTH | ||
| 650 | _aCAPITAL GROWTH | ||
| 650 | _aINVESTORS | ||
| 650 | _aABOUT RICS-RELATED ORGANISATIONS-INVESTMENT PROPERTY FORUM | ||
| 650 | _aPROPERTY-COMMERCIAL PROPERTY-OFFICE PROPERTY-OFFICE PROPERTY MARKET | ||
| 650 | _aPROPERTY-COMMERCIAL PROPERTY-RETAIL PROPERTY-RETAIL PROPERTY MARKET | ||
| 650 | _aINDUSTRIAL MARKET | ||
| 650 | _aBUSINESS PARKS | ||
| 650 | _aDISTRIBUTION | ||
| 650 | _aRETAIL WAREHOUSES | ||
| 650 | _aOCCUPIERS | ||
| 690 | _aINVESTMENT | ||
| 942 | _n0 | ||
| 999 |
_c72358 _d72358 |
||